عرض عادي عرض مارك
  • Conference on Developments in Language Theory

مدخل إسم مؤتمر

عدد التسجيلات المستخدمة في: 4

001 - رقم الضبط

  • حقل الضبط: 8889

003 - معرف رقم الضبط

  • حقل الضبط: OSt

005 - تاريخ ووقت أخر عملية

  • حقل الضبط: 20111222105908.0

008 - عناصر بيانات ثابتة الطول

  • حقل تحكم ثابت الطول: 111222|||a|||||| | ||| d

040 ## - مصدر الفهرسة

  • هيئة الفهرسة الأصلية: OSt
  • وكالة الكتابة: OSt

111 ## - مدخل -- اسم مؤتمر

  • اسم الملتقي او اسم السلطه كعنصر مدخل: Conference on Developments in Language Theory
  • رقم الجزء / القسم/ الملتقي: (5th :
  • تاريخ المؤتمر: 2001 :
  • مكان الملتقي: Wein, Austria)

670 ## - بيانات المصدر موجوده

  • الاستشهاد بالمصدر: Work cat.: (OSt)3607: Conference on Developments in Language Theory (5th : 2001 : Wein, Austria), Developments in language theory :, c2002.